Kahi bathkahi: janjeevan se judi shresht laghukathaye: (Record no. 224024)

MARC details
000 -LEADER
fixed length control field 00847nam a22002057a 4500
005 - DATE AND TIME OF LATEST TRANSACTION
control field 20220720115400.0
008 - FIXED-LENGTH DATA ELEMENTS--GENERAL INFORMATION
fixed length control field 220720b ||||| |||| 00| 0 eng d
040 ## - CATALOGING SOURCE
Transcribing agency Aloy
041 ## - LANGUAGE CODE
Language code of text/sound track or separate title hin
082 ## - DEWEY DECIMAL CLASSIFICATION NUMBER
Edition number 23
Classification number H891.301
Item number MRUK
100 ## - MAIN ENTRY--PERSONAL NAME
Personal name Suraj Mrudul: सूरज मृदुल
100 ## - MAIN ENTRY--PERSONAL NAME
9 (RLIN) 51755
245 ## - TITLE STATEMENT
Title Kahi bathkahi: janjeevan se judi shresht laghukathaye:
Remainder of title कही बतकही: जनजीवन से जुडी श्रेष्ट लघुकथाएँ
260 ## - PUBLICATION, DISTRIBUTION, ETC.
Place of publication, distribution, etc. Hariyana:
Name of publisher, distributor, etc. Tarika Prakashan,
Date of publication, distribution, etc. 2005
300 ## - PHYSICAL DESCRIPTION
Extent xiv,80p.
Other physical details HB
Dimensions 22x14cm,
365 ## - TRADE PRICE
Source of price type code Hindi
Price amount 100.00
Currency code
Unit of pricing 100.00
650 ## - SUBJECT ADDED ENTRY--TOPICAL TERM
Topical term or geographic name entry element Hindi Fiction: हिंदी कहानी
9 (RLIN) 51756
650 ## - SUBJECT ADDED ENTRY--TOPICAL TERM
Topical term or geographic name entry element Hindi Literature: हिंदी साहित्य
9 (RLIN) 51757
700 ## - ADDED ENTRY--PERSONAL NAME
Personal name MRUDUL (Suraj): मृदुल (सूरज)
9 (RLIN) 51758
942 ## - ADDED ENTRY ELEMENTS (KOHA)
Source of classification or shelving scheme Dewey Decimal Classification
Koha item type George Fernandes Collections
Holdings
Withdrawn status Lost status Source of classification or shelving scheme Damaged status Not for loan Collection code Home library Current library Date acquired Total Checkouts Full call number Barcode Date last seen Price effective from Koha item type
    Dewey Decimal Classification     Hindi St Aloysius Library St Aloysius Library 03/24/2013   H891.301 MRUK GF02461 07/20/2022 07/20/2022 George Fernandes Collections